| 000 | 01317nam a22002537a 4500 | ||
|---|---|---|---|
| 005 | 20210325191342.0 | ||
| 008 | s2539 th tha d | ||
| 041 | _atha | ||
| 090 | _aว JS7404.3 น674ก 2539 | ||
| 100 | 0 | _aนิวัตน์ สวัสดิ์แก้ว | |
| 245 | 1 | 0 | _aการพัฒนาหน่วยการปกครองท้องถิ่นของไทย : ศึกษาเฉพาะกรณีการจัดตั้งและการยกฐานะหน่วยการปกครองท้องถิ่น |
| 260 | 3 |
_aม.ป.ท. : _bสถาบันพระปกเกล้า, _c2539 |
|
| 300 |
_a54 หน้า : _b ตาราง ; _c 29 ซม. |
||
| 650 | 0 | 4 | _aการปกครองท้องถิ่น |
| 650 | 0 | 4 | _aการบริหารรัฐกิจ -- วิจัย |
| 650 | 0 | 4 | _aการปกครองท้องถิ่น -- ไทย |
| 650 | 0 | 4 | _aสุขาภิบาล (การปกครองท้องถิ่น) |
| 650 | 0 | 4 | _aองค์การบริหารส่วนตำบล -- รายได้ |
| 650 | 0 | 4 | _aเทศบาล |
| 850 | _aNALT | ||
| 942 |
_cRSH _01 |
||
| 997 |
_c000000000028173 _kVC |
||
| 998 | _aNarumon Suwan | ||
| 999 |
_c28173 _d28173 |
||